| 000 | 00642nam a2200205 u 4500 | ||
|---|---|---|---|
| 005 | 20250227063818.0 | ||
| 008 | 100901s2008 r 000 0 eng d | ||
| 020 | _a9789871432141 | ||
| 035 | _aUPN01000177632 | ||
| 049 | _aCG | ||
| 050 | 4 |
_aHV1568 _bU7.2 |
|
| 100 | 1 | _aUrbano, Claudio Ariel | |
| 245 | 1 | 3 |
_aLa discapacidad en la escena familiar / _cClaudio Ariel Urbano, José Yuni. |
| 260 |
_aCórdoba, Arg. : _bEncuentro, _c2008. |
||
| 300 | _a261 p. | ||
| 650 | 4 |
_aPersonas con discapacidad _xRelaciones familiares _912912 |
|
| 650 | 4 | _aPERSONAS CON DISCAPACIDAD | |
| 700 | 1 |
_aYuni, José Alberto, _ecoaut. _932594 |
|
| 905 | _aLibro | ||
| 999 |
_c149735 _d149735 |
||